000 00364nam a2200157Ia 4500
008 220923s9999 xx 000 0 und d
020 _a978-93-81082-70-6
082 _bDUX
100 _aDUXBURY, ROBERT
245 0 _aCONTRACT LAW
250 _a2ND
260 _bSWEET & MAXWELL, SOUTH ASIAN
_c2013
300 _a464
650 _aContract Law
942 _cBK
999 _c195203
_d195203